Continents of the world in 30 seconds - Statistics

General Stats
  • This quiz has been taken 31 times
  • The average score is 8 of 10
Answer Stats
Answer % Correct
NA North America
100%
SA South America
100%
Africa
96%
A Antarctica
96%
E Europe
96%
A Asia
87%
O Oceania
74%
A Australia
57%
CA Central America
57%
E Eurasia
30%
No matching quizzes found
Score Distribution
Percent of People with Each Score
Percentile by Number Answered
Your Score History
You have not taken this quiz